Facts

La Agencia fue creada por la UniaÌ‚on Europea con el fin de satisfacer las necesidades de informaciaÌ‚on en materia de seguridad y salud en el trabajo. La Agencia tiene su sede en Bilbao (Espaa̘na) y cuenta con una plantilla de expertos en materia de seguridad y salud en el trabajo, informaciaÌ‚on...

Full description

Bibliographic Details
Corporate Author: Agencia Europea para la Seguridad y la Salud en el Trabajo (Bilbao)
Format: Unknown
Language:Spanish
Published: Bilbao : Agencia Europea para la Seguridad y la Salud en el Trabajo
Subjects:
Online Access:Acceso restringido

MARC

LEADER 00000ny a22000003n 4500
005 20110509132021.0
008 080612s sp r s 000 a0spa c
022 |a 1681-2085 
035 |a 47 
040 |a UMA.RE  |d vlex 
080 |a 331.45(0.034) 
090 |c 1457  |d 1457 
245 0 0 |a Facts  |h [Recurso electrn̤ico]  |c Agencia Europea para la Seguridad y la Salud en el Trabajo 
256 |a Servicio en ln̕ea 
260 |a Bilbao :  |b Agencia Europea para la Seguridad y la Salud en el Trabajo 
321 |a Indeterminada 
506 1 |a Contenido solo disponible en los productos indicados  |d vLex Global  |d vLex Global (Academic Edition, excluding Law Schools)  |d vLex Global (U.S. Academic Edition, Law Schools)  |d vLex Global (U.S. Academic Edition, excluding Law Schools)  |d vLex Global (Academic Edition, Law Schools) 
520 |a La Agencia fue creada por la UniaÌ‚on Europea con el fin de satisfacer las necesidades de informaciaÌ‚on en materia de seguridad y salud en el trabajo. La Agencia tiene su sede en Bilbao (Espaa̘na) y cuenta con una plantilla de expertos en materia de seguridad y salud en el trabajo, informaciaÌ‚on y administraciaÌ‚on. Nuestro objetivo consiste en mejorar la situaciaÌ‚on de los trabajadores dando un impulso al intercambio de informaciaÌ‚on taÌ‚ecnica, cientaÌ‚ifica y econaÌ‚omica entre todas las partes interesadas en cuestiones de seguridad y salud en el trabajo (SST), incluyendo trabajadores, empresarios, representantes de seguridad, expertos, profesionales del sector y organismos tanto nacionales como comunitarios. Los informes taÌ‚ecnicos son editados por la Agencia Europea para la Seguridad y Salud en el Trabajo. El contenido de aÌ‚estos se centra en el estudio detallado de cuestiones temaÌ‚aticas especaÌ‚ificas en el aÌ‚ambito de la Seguridad y la Salud en el Trabajo 
650 0 4 |a Higiene industrial  |x Publicaciones perid̤icas 
650 0 4 |a Industria  |x Seguridad  |x Medidas  |x Publicaciones perid̤icas 
710 2 |a Agencia Europea para la Seguridad y la Salud en el Trabajo (Bilbao) 
740 0 |a vLex Revista (Servicios en ln̕ea) 
853 |8 1  |i (year)  |j (month)  |k (day) 
856 4 0 |u http://vlex.com/source/facts-agencia-europea-seguridad-salud-trabajo--47  |z Acceso restringido 
942 |c REV